000 00637 a2200217 4500
005 20260406113216.0
008 260403b |||||||| |||| 00| 0 eng d
020 _a9789355511522
_cRs, 699.00
040 _aMAIN
082 _a658.872
_bG959D(2)
100 _aGupta, Rajan
245 _aDigital marketing: Science and magic of digital marketing can help you become a successful marketing professional
250 _a2nd
260 _bBPB Publications
_aNew Delhi
_c2026
300 _axxiv, 358
650 _aManagement
650 _aMarketing
650 _aInternet- Online Marketing
700 _aMadan, Supriya
942 _cBK
999 _c396947
_d396947